000 07894cam a22021974i 4500
003 PE-LiUPU
005 20250813165536.0
008 150623s1990 pe a rb 000 0 spa d
035 _a(Sirsi) a25167
040 _aPE-LiUPU
_bspa
_cPE-LiUPU
_dPE-LiUPU
_erda
049 _aPRUA
082 0 4 _a611.8
_bC42
_221
082 0 4 _a612.8
_bC42 1990
100 1 _aCelada Gonzáles, Julio,
_eautor.
245 1 0 _aActividad psíquica y cerebro :
_binvestigación clínica y fundamentos /
_cJulio Celada Gonzáles.
264 1 _aLima :
_bConcytec,
_c1990.
300 _a274 páginas :
_bilustraciones ;
_c21 centímetros.
336 _atext
_2rdacontent
337 _aunmediated
_2rdamedia
338 _avolume
_2rdacarrier
490 0 _aNeuropsicología y rehabilitación ;
_v3
504 _aIncluye bibliografía.
505 0 _aAlgunas vias utilizadas para el estudio del funcionamiento del cerebro -- Organización funcional del sistema nervioso -- Atención y percepción -- La memoria -- El pensamiento: estudio neuropsicológico de los pacientes esquizofrénicos -- Interacción hemisferica y lateralidad corporal -- El sindrome pre-frontal -- El sueño y sus trastornos -- El comportamiento emocional.
526 _aP203
526 _aP200
526 _aSEG65
526 _aSEG64
526 _aSEG63
526 _aSEG62
526 _aSEG61
526 _aSEG60
526 _aSEG59
526 _aSEG58
526 _aSEG57
526 _aSEG56
526 _aSEG55
526 _aSEG54
526 _aSEG53
526 _aSEG52
526 _aSEG51
526 _aSEG50
526 _aSEG49
526 _aSEG48
526 _aSEG47
526 _aSEG46
526 _aSEG24
526 _aSEG23
526 _aSEG22
526 _aSEG21
526 _aSEG20
526 _aSEG19
526 _aSEG18
526 _aSEG17
526 _aSEG16
526 _aSEG14
526 _aSEG13
526 _aSEG12
526 _aSEG11
526 _aSEG10
526 _aSEG09
526 _aSEG06
526 _aSEG05
526 _aSEG04
526 _aSEG03
526 _aSEG02
526 _aSEG68
526 _aSEG66
526 _aSEG45
526 _aSEG25
526 _aSEG01
526 _aP163
526 _aP162
526 _aP161
526 _aP160
526 _aP159
526 _aP158
526 _aP157
526 _aP156
526 _aP155
526 _aP154
526 _aP153
526 _aP152
526 _aP151
526 _aP150
526 _aP149
526 _aP142
526 _aP141
526 _aP140
526 _aP139
526 _aP138
526 _aP137
526 _aP132
526 _aP131
526 _aP130
526 _aP126
526 _aP125
526 _aP124
526 _aP123
526 _aP115
526 _aP122
526 _aP121
526 _aP116
526 _a P114
526 _aP112
526 _aP111
526 _aP104
526 _aP103
526 _aP102
526 _aP101
526 _aP100
526 _aP96
526 _aP95
526 _aP93
526 _aP92
526 _aP91
526 _aP88
526 _aP83
526 _aP82
526 _aP79
526 _aP78
526 _aP75
526 _aP74
526 _aP71
526 _aP69
526 _a P51
526 _aP49
526 _aP48
526 _aP47
526 _aP33
526 _aP31
526 _a P30
526 _aP29
526 _aP27
526 _aP26
526 _aP25
526 _aP24
526 _a P22
526 _aP10
526 _aP09
526 _a P08
526 _aP06
526 _aP05
526 _aP04
526 _aP01
650 1 4 _aCerebro.
700 1 _aCairo V., Eduardo.
910 _acce
_bjvq
_ccce
_d20150917
910 _btqv
_cwelc
_d20170403
942 _2ddc
_cBOOK
949 _a611.8 C42
_wDEWEY
_c1
_i50077
_lCCODEBUL1
_mBUL
_p00.00
_r0
_sY
_tBOOK
_u2015-06-24
_xSALUD
_zUNKNOWN
_0COMPRA
_o.STAFF. Colección General
949 _a611.8 C42
_wDEWEY
_c2
_i50078
_lCCODEBUL1
_mBUL
_p00.00
_r0
_sY
_tBOOK
_u2015-06-24
_xSALUD
_zUNKNOWN
_0COMPRA
_o.STAFF. Colección General
949 _a611.8 C42
_wDEWEY
_c3
_i50079
_lCCODEBUL1
_mBUL
_p00.00
_r0
_sY
_tBOOK
_u2015-06-24
_xSALUD
_zUNKNOWN
_0COMPRA
_o.STAFF. Colección General
949 _a611.8 C42
_wDEWEY
_c4
_i50080
_lCCODEBUL1
_mBUL
_p00.00
_r0
_sY
_tBOOK
_u2015-06-24
_xSALUD
_zUNKNOWN
_0COMPRA
_o.STAFF. Colección General
949 _a611.8 C42
_wDEWEY
_c5
_i50081
_lCCODEBUL1
_mBUL
_p00.00
_r0
_sY
_tBOOK
_u2015-06-24
_xSALUD
_zUNKNOWN
_0COMPRA
_o.STAFF. Colección General
949 _a611.8 C42
_wDEWEY
_c6
_i50082
_lCCODEBUL1
_mBUL
_p00.00
_r0
_sY
_tBOOK
_u2015-06-24
_xSALUD
_zUNKNOWN
_0COMPRA
_o.STAFF. Colección General
949 _a611.8 C42
_wDEWEY
_c7
_i50083
_lCCODEBUL1
_mBUL
_p00.00
_r0
_sY
_tBOOK
_u2015-06-24
_xSALUD
_zUNKNOWN
_0COMPRA
_o.STAFF. Colección General
949 _a611.8 C42
_wDEWEY
_c8
_i50074
_lCCODEBUL1
_mBUL
_p00.00
_r0
_sY
_tBOOK
_u2015-06-24
_xSALUD
_zUNKNOWN
_0COMPRA
_o.STAFF. Colección Ciencias de la Salud
949 _a611.8 C42
_wDEWEY
_c9
_i50075
_lCCODEBUL1
_mBUL
_p00.00
_r0
_sY
_tBOOK
_u2015-06-24
_xSALUD
_zUNKNOWN
_0COMPRA
_o.STAFF. Colección General
949 _a611.8 C42
_wDEWEY
_c10
_i71507
_lCCODEBUL1
_mBUL
_p00.00
_r0
_sY
_tBOOK
_u2015-09-17
_xSALUD
_PP33
_0DONACION
_o.STAFF. Colección General
949 _a612.8 C42 1990
_wDEWEY
_c1
_iFJ07459
_lCCODEBUJ1
_mBUJ
_p12.00
_r0
_sY
_tBOOK
_u2017-04-03
_xSALUD
_PP33
_0COMPRA
_o.STAFF. Colección General Juliaca
596 _a1 2 3
999 _a611.8 C42
_wDEWEY
_c31044
_i50077
_f2019-12-11
_g4
_lDISCARD
_mBUL
_r1
_sY
_tBOOK
_u2015-6-24
_xSALUD
_zUNKNOWN
_0COMPRA
_o.STAFF. Colección General
_d31044
999 _a611.8 C42
_wDEWEY
_c2
_i50078
_lDISCARD
_mBUL
_r0
_sY
_tBOOK
_u2015-6-24
_xSALUD
_zUNKNOWN
_0COMPRA
_o.STAFF. Colección General
999 _a611.8 C42
_wDEWEY
_c3
_i50079
_f2019-12-11
_g4
_lDISCARD
_mBUL
_r1
_sY
_tBOOK
_u2015-6-24
_xSALUD
_zUNKNOWN
_0COMPRA
_o.STAFF. Colección General
999 _a611.8 C42
_wDEWEY
_c4
_i50080
_d2019-8-15
_e2019-8-15
_f2019-12-11
_g4
_lDISCARD
_mBUL
_n1
_q1
_r1
_sY
_tBOOK
_u2015-6-24
_xSALUD
_zUNKNOWN
_0COMPRA
_o.STAFF. Colección General
999 _a611.8 C42
_wDEWEY
_c5
_i50081
_lLOST
_mBUL
_r1
_sN
_tBOOK
_u2015-6-24
_xSALUD
_zUNKNOWN
_0COMPRA
_o.STAFF. Colección General
999 _a611.8 C42
_wDEWEY
_c6
_i50082
_f2019-12-11
_g4
_lDISCARD
_mBUL
_r1
_sY
_tBOOK
_u2015-6-24
_xSALUD
_zUNKNOWN
_0COMPRA
_o.STAFF. Colección General
999 _a611.8 C42
_wDEWEY
_c7
_i50083
_d2019-5-14
_f2019-12-11
_g4
_lDISCARD
_mBUL
_q2
_r1
_sY
_tBOOK
_u2015-6-24
_xSALUD
_zUNKNOWN
_0COMPRA
_o.STAFF. Colección General
999 _a611.8 C42
_wDEWEY
_c8
_i50074
_d2022-4-1
_e2021-4-19
_f2021-11-3
_g5
_lCCODEBUL1
_mBUL
_n4
_p14.00
_q1
_r0
_sY
_tBOOK
_u2015-6-24
_xSALUD
_zUNKNOWN
_0COMPRA
_o.STAFF. Colección Ciencias de la Salud
999 _a611.8 C42
_wDEWEY
_c9
_i50075
_f2019-12-11
_g4
_lDISCARD
_mBUL
_r1
_sY
_tBOOK
_u2015-6-24
_xSALUD
_zUNKNOWN
_0COMPRA
_o.STAFF. Colección General
999 _a611.8 C42
_wDEWEY
_c10
_i71507
_d2020-2-5
_e2018-6-10
_f2021-11-25
_g5
_lCCODEBUL1
_mBUL
_n2
_p12.00
_q1
_r0
_sY
_tBOOK
_u2015-9-17
_xSALUD
_PP33
_0COMPRA
_o.STAFF. Colección Ciencias de la Salud
999 _a611.8 C42
_wDEWEY
_c1
_iFT01626
_f2019-2-20
_g1
_lCCODEBUT1
_mBUT
_p14.00
_r0
_sY
_tBOOK
_u2016-4-14
_xSALUD
_PP33
_0COMPRA
_o.STAFF. Colección General
999 _a612.8 C42 1990
_wDEWEY
_c1
_iFJ07459
_d2018-11-29
_e2018-6-22
_f2022-1-25
_g4
_lCCODEBUJ1
_mBUJ
_n4
_p12.00
_q3
_r0
_sY
_tBOOK
_u2017-4-3
_xSALUD
_PP33
_0COMPRA
_o.STAFF. Colección General Juliaca
980 _81
_gALBERTO SANCHEZ Responsable de Automatización